| 000 | 00726nam a2200241Ia 4500 | ||
|---|---|---|---|
| 003 | OSt | ||
| 005 | 20220925192502.0 | ||
| 006 | a|||||r|||| 00| 0 | ||
| 007 | ta | ||
| 008 | 220923b |||||||| |||| 00| 0 eng d | ||
| 037 | _cGeneral Book | ||
| 040 |
_aRTL _cRTL _beng |
||
| 041 |
_2eng _aeng |
||
| 082 | _aX9(J).8.N7, L1 | ||
| 100 |
_aCrawford John _922166 |
||
| 245 | 0 |
_aAgricultural in development _b The Australian case |
|
| 260 |
_aCairo _bNational Bank _c1971 |
||
| 300 |
_a48p. _ccm. |
||
| 490 | _aNational Bank of Egypt, fiftieth anniversary commemoration lectures | ||
| 650 | _aAgriculture Industry | ||
| 942 |
_hX9(J).8.N7, L1 _cGB _2CC |
||
| 999 |
_c522319 _d522319 |
||